Club qui ont atteint la finales de LDC par pays - Statistiques

Statistiques générales
  • Ce quiz a été pris 115 fois
  • Le résultat moyen est 7 sur 13
Statistiques - réponses
Pays Finalistes LES INTERDITS % Correct
France Monaco | St Etienne |Stade de Reims Paris St Germain Olympique de Marseille
95%
Portugal Benfica Porto
83%
Angleterre Leeds United | Nottingham Forrest | Aston Villa Liverpool Manchester City Manchester United Tottenham Arsenal Chelsea
82%
Espagne Valence Real Madrid Atlético de Madrid Barcelone
62%
Allemagne Hambourg | Borussia Mönchengladbach | Francfort Bayern Munich Borussia Dortmund Bayer Leverkusen
57%
Ecosse Celtic Glasgow
55%
Suède Malmö
51%
Pays Bas PSV Eindhoven Ajax Amsterdam Feyenord
45%
Roumanie Steaua Bucarest
39%
Italie Sampdoria | AS Rome AC Milan Inter Milan Juventus
34%
Grece Panathinaïkos
31%
Serbie Partizan Belgrade Etoile Rouge de Belgrade
24%
Belgique Club de Bruges
4%
Aucun quiz correspondant
Distribution des résultats
% des personnes avec chaque résultat
Percentile par nombre de réponses
Votre historique - résultats
Vous n’avez pas pris ce quiz